[Event "Wch Seniors 22nd"]
[Site "Kamena Vourla"]
[Date "2012.11.18"]
[Round "6"]
[White "Andreas, Guenter"]
[Black "Zakharchenko, Arnold"]
[Result "0-1"]
[WhiteElo "1995"]
[BlackElo "2194"]
[PlyCount "99"]
[EventDate "2012.11.13"]
[EventType "swiss"]
[EventRounds "11"]
[EventCountry "GRE"]
[SourceTitle "CBM 151 Extra"]
[Source "ChessBase"]
[SourceDate "2012.12.18"]
[SourceVersion "1"]
[SourceVersionDate "2012.12.18"]
[SourceQuality "1"]

1. e4 d6 2. d4 Nf6 3. Nc3 g6 4. f4 c5 5. dxc5 Qa5 6. Bb5+ Bd7 7. Bxd7+ Nbxd7 8. Qe2 Qxc5 9. Bd2 Bg7 10. Nf3 0-0 11. e5 dxe5 12. fxe5 Nd5 13. 0-0-0 N7b6 14. Qb5 Rac8 15. Qxc5 Rxc5 16. Ne4 Rc6 17. Kb1 Rfc8 18. c3 Nc4 19. Bc1 Nde3 20. Rde1 Nd5 21. Ned2 e6 22. Nb3 a6 23. Nbd4 R6c7 24. Re2 b5 25. Rhe1 b4 26. cxb4 Nxb4 27. Rd1 Nd5 28. Rde1 a5 29. Rc2 a4 30. b3 axb3 31. axb3 Na5 32. Rxc7 Rxc7 33. Bd2 Nc6 34. Rc1 Nxe5 35. Rxc7 Nxc7 36. Nxe5 Bxe5 37. Nf3 Bd6 38. Kc2 e5 39. h3 f5 40. Kc3 e4 41. Ne1 Kf7 42. Kc4 Ke6 43. b4 Nd5 44. Nc2 Nb6+ 45. Kb5 Nd7 46. Ka6 Kd5 47. b5 Kc4 48. b6 Kd3 49. Bb4 Bxb4 50. Nxb4+ 0-1

[Event "Wch Seniors 22nd"]
[Site "Kamena Vourla"]
[Date "2012.11.14"]
[Round "2"]
[White "Andreas, Guenter"]
[Black "Nielsen, Peter"]
[Result "1-0"]
[WhiteElo "1995"]
[BlackElo "1733"]
[PlyCount "63"]
[EventDate "2012.11.13"]
[EventType "swiss"]
[EventRounds "11"]
[EventCountry "GRE"]
[SourceTitle "CBM 151 Extra"]
[Source "ChessBase"]
[SourceDate "2012.12.18"]
[SourceVersion "1"]
[SourceVersionDate "2012.12.18"]
[SourceQuality "1"]

1. e4 c5 2. Nf3 Nc6 3. d4 cxd4 4. c3 dxc3 5. Nxc3 g6 6. Bc4 e6 7. 0-0 Bg7 8. Nb5 d5 9. exd5 exd5 10. Bxd5 Be6 11. Bxe6 fxe6 12. Nd6+ Ke7 13. Nxb7 Qc7 14. Nc5 Rd8 15. Qe2 e5 16. Be3 Nf6 17. Na6 Qb7 18. Bc5+ Kd7 19. Ba3 Kc8 20. Rac1 Nd5 21. Qc4 e4 22. Ng5 Bh6 23. h4 Bxg5 24. hxg5 Rhe8 25. Qxc6+ Qxc6 26. Rxc6+ Kb7 27. Rfc1 e3 28. fxe3 Rxe3 29. Nb4 Nf4 30. Rc7+ Ka8 31. Nc6 Rxa3 32. bxa3 1-0

[Event "Wch Seniors 22nd"]
[Site "Kamena Vourla"]
[Date "2012.11.13"]
[Round "1"]
[White "Rantanen, Yrjo A"]
[Black "Andreas, Guenter"]
[Result "1-0"]
[WhiteElo "2346"]
[BlackElo "1995"]
[PlyCount "73"]
[EventDate "2012.11.13"]
[EventType "swiss"]
[EventRounds "11"]
[EventCountry "GRE"]
[SourceTitle "CBM 151 Extra"]
[Source "ChessBase"]
[SourceDate "2012.12.18"]
[SourceVersion "1"]
[SourceVersionDate "2012.12.18"]
[SourceQuality "1"]

1. e4 e5 2. Nf3 Nc6 3. Bb5 a6 4. Ba4 Nf6 5. 0-0 b5 6. Bb3 Nxe4 7. d4 d5 8. dxe5 Be6 9. c3 Bc5 10. Qd3 0-0 11. Be3 Bxe3 12. Qxe3 Na5 13. Nbd2 Nxd2 14. Qxd2 Nxb3 15. axb3 c5 16. b4 c4 17. Nd4 Qb6 18. Kh1 Rae8 19. Rae1 Bc8 20. Re3 f5 21. f4 Be6 22. Ra1 h6 23. Rg3 Bc8 24. h4 Qd8 25. h5 Bb7 26. Kg1 Qh4 27. Rh3 Qe7 28. Qf2 Kh8 29. Qh4 Qxh4 30. Rxh4 Kh7 31. Kf2 Rf7 32. Rh3 Rg8 33. Rg3 g5 34. hxg6+ Rxg6 35. Rxg6 Kxg6 36. Rh1 Re7 37. Rxh6+ 1-0

[Event "Wch Seniors 20th"]
[Site "Arco"]
[Date "2010.11.01"]
[Round "6"]
[White "Andreas, Guenter"]
[Black "Prahov, G."]
[Result "1/2-1/2"]
[WhiteElo "1971"]
[BlackElo "2267"]
[PlyCount "20"]
[EventDate "2010.10.26"]
[EventType "swiss"]
[EventRounds "11"]
[EventCountry "ITA"]
[SourceTitle "EXT 2011"]
[Source "ChessBase"]
[SourceDate "2010.11.26"]
[SourceVersion "1"]
[SourceVersionDate "2010.11.26"]
[SourceQuality "1"]

1. e4 c5 2. Nf3 g6 3. c3 Bg7 4. d4 cxd4 5. cxd4 Qb6 6. Nc3 Nc6 7. Nd5 Qd8 8. Be2 e6 9. Nc3 Nge7 10. 0-0 0-0 1/2-1/2